Catalog

Record Details

Catalog Search



Formal Modeling and Analysis of Timed Systems 9th International Conference, FORMATS 2011, Aalborg, Denmark, September 21-23, 2011. Proceedings  Cover Image E-book E-book

Formal Modeling and Analysis of Timed Systems [electronic resource] : 9th International Conference, FORMATS 2011, Aalborg, Denmark, September 21-23, 2011. Proceedings / edited by Uli Fahrenberg, Stavros Tripakis.

Fahrenberg, Uli. (editor.). Tripakis, Stavros. (editor.). SpringerLink (Online service) (Added Author).

Electronic resources


LDR 02003nam a22005175i 4500
00141417
003CONS
00520130930041126.0
007cr nn 008mamaa
008110924s2011 gw | s |||| 0|eng d
020 . ‡a9783642243103 ‡9978-3-642-24310-3
0247 . ‡a10.1007/978-3-642-24310-3 ‡2doi
035 . ‡a(DE-He213)978-3-642-24310-3
050 4. ‡aQA76.9.L63
050 4. ‡aQA76.5913
050 4. ‡aQA76.63
072 7. ‡aUM ‡2bicssc
072 7. ‡aUYF ‡2bicssc
072 7. ‡aCOM051000 ‡2bisacsh
072 7. ‡aCOM036000 ‡2bisacsh
1001 . ‡aFahrenberg, Uli. ‡eeditor.
24510. ‡aFormal Modeling and Analysis of Timed Systems ‡h[electronic resource] : ‡b9th International Conference, FORMATS 2011, Aalborg, Denmark, September 21-23, 2011. Proceedings / ‡cedited by Uli Fahrenberg, Stavros Tripakis.
264 1. ‡aBerlin, Heidelberg : ‡bSpringer Berlin Heidelberg, ‡c2011.
300 . ‡aXI, 353 p. ‡bonline resource.
336 . ‡atext ‡btxt ‡2rdacontent
337 . ‡acomputer ‡bc ‡2rdamedia
338 . ‡aonline resource ‡bcr ‡2rdacarrier
347 . ‡atext file ‡bPDF ‡2rda
4901 . ‡aLecture Notes in Computer Science, ‡x0302-9743 ; ‡v6919
650 0. ‡aComputer science.
650 0. ‡aSoftware engineering.
650 0. ‡aComputer software.
650 0. ‡aLogic design.
65014. ‡aComputer Science.
65024. ‡aLogics and Meanings of Programs.
65024. ‡aSoftware Engineering.
65024. ‡aProgramming Languages, Compilers, Interpreters.
65024. ‡aMathematical Logic and Formal Languages.
65024. ‡aProgramming Techniques.
65024. ‡aAlgorithm Analysis and Problem Complexity.
7001 . ‡aTripakis, Stavros. ‡eeditor.
7102 . ‡aSpringerLink (Online service)
7730 . ‡tSpringer eBooks
77608. ‡iPrinted edition: ‡z9783642243097
830 0. ‡aLecture Notes in Computer Science, ‡x0302-9743 ; ‡v6919
85640. ‡uhttp://biblioteca.ipicyt.edu.mx:2048/login?url=http://dx.doi.org/10.1007/978-3-642-24310-3 ‡yTexto completo ‡9CONS
950 . ‡aComputer Science (Springer-11645)
901 . ‡a41417 ‡b ‡c41417 ‡tbiblio ‡sSystem Local

Additional Resources